Retro a jeho využití pro eventy
Kladná stránka retro-marketingu: zaujatie klienta a prilákanie jeho pozornosti. Emocionálna väzba cieľovej skupiny na značku. Využitie retra v event-marketingu. Výber správnej doby, obsahu a symbolov.
Na minha lista:
| Autor principal: | |
|---|---|
| Formato: | Capítulo de Livro |
| Idioma: | tcheco |
| Assuntos: | |
| Tags: |
Sem tags, seja o primeiro a adicionar uma tag!
|
MARC
| LEADER | 00000naa$a2200000$$$4500 | ||
|---|---|---|---|
| 001 | 0027718 | ||
| 005 | 20231016104521.6 | ||
| 041 | 0 | |a cze | |
| 044 | |a CZ | ||
| 245 | 1 | 0 | |a Retro a jeho využití pro eventy |c Marek Řídký |
| 520 | |a Kladná stránka retro-marketingu: zaujatie klienta a prilákanie jeho pozornosti. Emocionálna väzba cieľovej skupiny na značku. Využitie retra v event-marketingu. Výber správnej doby, obsahu a symbolov. | ||
| 610 | 2 | 0 | |a marketing |
| 610 | 2 | 0 | |a prezentácia firemná |
| 610 | 2 | 0 | |a produkty |
| 610 | 2 | 0 | |a značky výrobkov |
| 610 | 2 | 0 | |a firmy |
| 610 | 2 | 0 | |a zákazníci |
| 610 | 2 | 0 | |a reklama |
| 610 | 2 | 0 | |a symboly |
| 610 | 2 | 0 | |a obsah |
| 100 | 1 | |a Řídký, Marek | |